| 000 | 01466nam2a2200265 4500 | ||
|---|---|---|---|
| 001 | RU\NLR\bibl\1820574 | ||
| 005 | 20250616160747.0 | ||
| 010 |
_a978-5-89357-296-4 _92500 |
||
| 021 |
_aRU _b2011-71177 _95048 |
||
| 035 | _a(NLR Aleph) 001811134 | ||
| 090 |
_a1873196 _c1873196 |
||
| 100 | _a20111014d2011 |||y0rusy50 ca | ||
| 101 | 0 | _arus | |
| 102 | _aRU | ||
| 105 | _aa ||||||||| | ||
| 200 | 1 | _aДля консультанта | |
| 210 |
_d2011 _aБ. м. |
||
| 215 |
_a361 с. _cил. |
||
| 320 | _aБиблиогр. в подстроч. примеч. | ||
| 461 | 0 |
_1001RU\NLR\bibl\1849520 _12001#$aДетский телефон доверия, работающий под единым общероссийским номером 8 800 2000 122$vТ. 2 _92258007 _cМосква _d2011 _fФонд поддержки детей, находящихся в трудной жизненной ситуации, Нац. фонд защиты детей от жестокого обращения _nСмысл _oнормативные и методические материалы : учебное пособие для психологов и социальных педагогов _tДетский телефон доверия, работающий под единым общероссийским номером 8 800 2000 122 _y9785893572940 _vТ. 2 |
|
| 801 | 0 |
_aRU _bNLR _c20111014 _gRCR |
|
| 801 | 1 |
_aRU _bNLR _c20111014 |
|
| 942 | _cBOOK | ||
| 980 | _aNB | ||